000
00321nam a22001457a 4500
008
210428b ||||| |||| 00| 0 eng d
020
_a
2900393616995
041
_a
eng
080
_2
10e
_a
316
082
_a
316
100
_a
50
101
_a
SOC
245
_a
Introduction to Sociology
_c
Giddens,A
942
_2
udc
_c
BK
999
_c
56887
_d
56887